USA State Capitals - Statistics

General Stats
  • This quiz has been taken 127 times
  • The average score is 37 of 50
Answer Stats
State Clue to capital Capital % Correct
Hawaii H Honolulu
96%
Colorado D Denver
95%
Georgia A Atlanta
93%
Arizona P Phoenix
93%
California S Sacramento
89%
Idaho B Boise
88%
Massachusetts B Boston
86%
Alaska J Juneau
86%
Texas A Austin
84%
Arkansas LR Little Rock
84%
Utah SLC Salt Lake City
82%
New York A Albany
80%
Indiana I Indianapolis
79%
Alabama M Montgomery
79%
Oklahoma OC Oklahoma City
79%
Florida T Tallahassee
79%
Louisiana BR Baton Rouge
77%
Delaware D Dover
77%
Oregon S Salem
77%
Iowa DM Des Moines
75%
Connecticut H Hartford
75%
Mississippi J Jackson
75%
Ohio C Columbus
73%
Tennessee N Nashville
73%
Washington O Olympia
73%
New Mexico SF Santa Fe
73%
Illinois S Springfield
73%
Kentucky F Frankfort
71%
Kansas T Topeka
71%
Nevada CC Carson City
70%
Nebraska L Lincoln
70%
North Carolina R Raleigh
70%
Minnesota SP St Paul
70%
Maine A Augusta
68%
West Virginia C Charleston
68%
Wisconsin M Madison
68%
South Dakota P Pierre
68%
Virginia R Richmond
68%
Maryland A Annapolis
66%
North Dakota B Bismarck
66%
Montana H Helena
66%
Wyoming C Cheyenne
64%
South Carolina C Columbia
64%
Pennyslvania H Harrisburg
64%
Missouri JC Jefferson City
64%
Rhode Island P Providence
64%
New Jersey T Trenton
64%
Michigan L Lansing
61%
Vermont M Montpelier
59%
New Hampshire C Concord
55%
No matching quizzes found
Score Distribution
Percent of People with Each Score
Percentile by Number Answered
Your Score History
You have not taken this quiz